|
|
|
|
| LEADER |
00000nam0a2200000 4500 |
| 001 |
30056 |
| 005 |
20231030203744.0 |
| 010 |
|
|
|a 5743308357
|
| 035 |
|
|
|a (RuTPU)RU\TPU\book\30324
|
| 035 |
|
|
|a BOOK00000029
|
| 090 |
|
|
|a 30056
|
| 100 |
|
|
|a 20011209d2001 m y0rusy50 ca
|
| 101 |
0 |
|
|a rus
|
| 102 |
|
|
|a RU
|
| 105 |
|
|
|a a j 000zy
|
| 200 |
1 |
|
|a Приборы ионной и молекулярной электроники
|e учебное пособие для вузов
|f И. Е. Шпак, А. М. Михайлова
|
| 210 |
|
|
|a Саратов
|c Изд-во Саратовского ГТУ
|d 2001
|
| 215 |
|
|
|a 95 с.
|c ил.
|
| 320 |
|
|
|a Библиогр.: с. 94.
|
| 510 |
1 |
|
|a Преобразователи информации и конденсаторы объемной емкости
|
| 610 |
1 |
|
|a электротехника
|
| 610 |
1 |
|
|a электрохимические приборы
|
| 610 |
1 |
|
|a информация
|
| 610 |
1 |
|
|a преобразователи
|
| 610 |
1 |
|
|a характеристики
|
| 610 |
1 |
|
|a интеграторы
|
| 610 |
1 |
|
|a кулометры
|
| 610 |
1 |
|
|a твердофазные кулометры
|
| 610 |
1 |
|
|a свинцовые кулометры
|
| 610 |
1 |
|
|a конденсаторы
|
| 610 |
1 |
|
|a электрокинетические датчики
|
| 610 |
1 |
|
|a учебные пособия
|
| 675 |
|
|
|a 621.35(075.8)
|v 3
|
| 675 |
|
|
|a 621.319.4(075.8)
|v 3
|
| 700 |
|
1 |
|a Шпак
|b И. Е.
|g Игорь Евгеньевич
|
| 701 |
|
1 |
|a Михайлова
|b А. М.
|g Антонина Михайловна
|
| 801 |
|
0 |
|a RU
|b 63413507
|c 20011209
|g PSBO
|
| 801 |
|
2 |
|a RU
|b 63413507
|c 20060301
|g PSBO
|
| 942 |
|
|
|c BK
|